[Event "5th HD Bank Cup 2015"]
[Site "Ho Chi Minh City VIE"]
[Date "2015.03.17"]
[Round "1.2"]
[White "Tran, Manh Tien"]
[Black "Le, Quang Liem"]
[Result "0-1"]
[BlackTitle "GM"]
[WhiteElo "2266"]
[BlackElo "2676"]
[WhiteFideId "12401897"]
[BlackFideId "12401137"]
[EventDate "2015.03.17"]

1. d4 f5 2. Nc3 Nf6 3. Bg5 d5 4. Bxf6 exf6 5. e3 Be6 6. Bd3 Nc6 7. a3 Qd7 8. Qf3
O-O-O 9. Nge2 Kb8 10. Nf4 Bf7 11. O-O-O Ne7 12. h3 h5 13. Nfe2 a6 14. Rdg1 Rh6
15. h4 g6 16. Nb1 Nc8 17. Nec3 Qc6 18. Na2 Qb6 19. Nac3 Qc6 20. Na2 Qe6 21. Qe2
c5 22. c3 c4 23. Bc2 Rh7 24. Nd2 Be8 25. f3 Bh6 26. e4 Re7 27. Re1 dxe4 28. fxe4
Nd6 29. Kb1 fxe4 30. Nxe4 Bc6 31. Ng3 Qxe2 32. Rxe2 Rxe2 33. Nxe2 Re8 34. Nac1
Ne4 35. Rd1 Nd2+ 36. Ka2 f5 37. g3 Bf3 38. Re1 Nb3 0-1

[Event "5th HD Bank Cup 2015"]
[Site "Ho Chi Minh City VIE"]
[Date "2015.03.17"]
[Round "1.3"]
[White "Nguyen, Ngoc Truong Son"]
[Black "Tu, Hoang Thai"]
[Result "1-0"]
[WhiteTitle "GM"]
[BlackTitle "IM"]
[WhiteElo "2659"]
[BlackElo "2249"]
[WhiteFideId "12401110"]
[BlackFideId "12400351"]
[EventDate "2015.03.17"]

1. d4 Nf6 2. Nf3 e6 3. c4 Bb4+ 4. Nbd2 Nc6 5. e3 d6 6. a3 Bxd2+ 7. Qxd2 e5 8.
dxe5 Nxe5 9. Nxe5 dxe5 10. Qc3 O-O 11. Bd3 Qd6 12. Bc2 Rd8 13. O-O e4 14. h3 Bg4
15. b4 Bh5 16. Bb2 Qe6 17. c5 c6 18. Qe5 Qxe5 19. Bxe5 Be2 20. Rfc1 Bd3 21. Bxf6
gxf6 22. a4 a5 23. b5 Rd5 24. Bxd3 exd3 25. bxc6 bxc6 26. Rc3 Re8 27. Rd1 Ree5
28. Rdxd3 Rxd3 29. Rxd3 Rxc5 30. Rd8+ Kg7 31. Ra8 f5 32. Kf1 Kf6 33. Ke2 h5 34.
Kd3 Ke6 35. Re8+ Kf6 36. Rh8 Kg6 37. Ra8 Kf6 38. g3 Ke5 39. Rh8 Rd5+ 40. Ke2 Rc5
41. Rxh5 Rc4 42. g4 Rxa4 43. Rxf5+ Ke6 44. Kd3 Ra2 45. h4 a4 46. h5 a3 47. h6
Ra1 48. h7 a2 49. h8=Q Rd1+ 50. Ke2 a1=Q 51. Qe8+ Kd6 52. Qd8+ 1-0

[Event "5th HD Bank Cup 2015"]
[Site "Ho Chi Minh City VIE"]
[Date "2015.03.17"]
[Round "1.4"]
[White "Nguyen, Thi Mai Hung"]
[Black "Rakhmanov, Aleksandr"]
[Result "0-1"]
[WhiteTitle "WGM"]
[BlackTitle "GM"]
[WhiteElo "2248"]
[BlackElo "2639"]
[WhiteFideId "12401676"]
[BlackFideId "4173708"]
[EventDate "2015.03.17"]

1. d4 Nf6 2. Nf3 d6 3. g3 g6 4. Bg2 Bg7 5. O-O O-O 6. a4 c6 7. c3 Bf5 8. Nbd2
Qc8 9. Re1 d5 10. Nh4 Bg4 11. Qc2 Re8 12. e4 dxe4 13. Nxe4 Nxe4 14. Rxe4 Na6 15.
Re1 Bh3 16. Bh1 c5 17. Qb3 cxd4 18. Qxb7 Rb8 19. Qxc8 Rexc8 20. cxd4 Nb4 21.
Rxe7 Nc2 22. Rb1 Bf6 23. Re4 g5 24. Bg2 Be6 25. Nf3 Ba2 26. Bxg5 Bxg5 27. Rd1
Bf6 28. Ne5 Bxe5 29. Rxe5 Rd8 30. d5 Rb6 31. Be4 Nb4 32. Rd4 h6 33. h4 Kf8 34.
Rd2 Rbd6 35. b3 a5 36. Rb2 Rc8 37. Rf5 Rc3 38. Rf3 Rxf3 39. Bxf3 Rd8 40. Kf1 Rc8
41. Bd1 Rc3 42. h5 Rd3 43. Ke2 Rxd5 44. g4 Ke7 45. f3 Rc5 46. f4 f6 47. Ke3 Rc3+
48. Ke4 Rc1 49. Be2 Bb1+ 50. Kd4 Kd6 51. Rd2 Bh7 52. Bc4 Rg1 53. Re2 Nc6+ 54.
Kc3 Rg3+ 55. Kb2 Rxg4 56. Re6+ Kc5 57. Rxf6 Rg2+ 58. Kc1 Nb4 59. Rxh6 Bc2 60.
Re6 Na2+ 61. Kb2 Bd3+ 62. Ka3 Nb4 63. Re5+ Kd4 0-1

[Event "5th HD Bank Cup 2015"]
[Site "Ho Chi Minh City VIE"]
[Date "2015.03.17"]
[Round "1.5"]
[White "Zhang, Zhong"]
[Black "Turqueza, Mari Joseph"]
[Result "1-0"]
[WhiteTitle "GM"]
[BlackTitle "FM"]
[WhiteElo "2614"]
[BlackElo "2243"]
[WhiteFideId "8600694"]
[BlackFideId "5204674"]
[EventDate "2015.03.17"]

1. e4 c5 2. Nf3 d6 3. d4 cxd4 4. Nxd4 Nf6 5. Nc3 a6 6. Bg5 Nbd7 7. Qe2 Qa5 8. f4
h6 9. Bh4 e5 10. Nb3 Qc7 11. Nd5 Nxd5 12. exd5 g5 13. fxg5 Be7 14. Qh5 Qxc2 15.
Be2 Qg6 16. O-O O-O 17. Qxg6+ fxg6 18. Rxf8+ Kxf8 19. Rf1+ Kg8 20. Na5 hxg5 21.
Bf2 Nf6 22. Nc4 Bg4 23. Bxg4 Nxg4 24. Nb6 Rf8 25. h3 Nf6 26. Rc1 Bd8 27. Nc8
Nxd5 28. Nxd6 b5 29. Ne4 Nb4 30. Rd1 Be7 31. Rd7 Rf7 32. Nd6 Bxd6 33. Rxd6 Kg7
34. a3 Nc2 35. Rxa6 Rd7 36. Ra7 Rxa7 37. Bxa7 Ne1 38. b3 Nd3 39. a4 bxa4 40.
bxa4 Kf6 41. a5 Ke6 42. Be3 g4 43. a6 Kd5 1-0

[Event "5th HD Bank Cup 2015"]
[Site "Ho Chi Minh City VIE"]
[Date "2015.03.17"]
[Round "1.6"]
[White "Nguyen, Anh Khoi"]
[Black "Sadorra, Julio Catalino"]
[Result "0-1"]
[WhiteTitle "FM"]
[BlackTitle "GM"]
[WhiteElo "2239"]
[BlackElo "2548"]
[WhiteFideId "12404675"]
[BlackFideId "5201268"]
[EventDate "2015.03.17"]

1. d4 Nf6 2. c4 e6 3. Nf3 d5 4. Nc3 c6 5. e3 Nbd7 6. Qc2 Bd6 7. b3 O-O 8. Be2
Qe7 9. O-O b6 10. Bb2 Bb7 11. Rad1 Rfe8 12. Rfe1 Rad8 13. Bf1 e5 14. cxd5 e4 15.
dxc6 exf3 16. cxb7 Bxh2+ 17. Kxh2 Qd6+ 18. Kh3 Re5 19. dxe5 Qe6+ 20. Kh2 Qxe5+
21. Kh3 Qh5+ 22. Kg3 Qg4+ 23. Kh2 Qh4+ 24. Kg1 Ng4 0-1

[Event "5th HD Bank Cup 2015"]
[Site "Ho Chi Minh City VIE"]
[Date "2015.03.17"]
[Round "1.7"]
[White "Gomez, John Paul"]
[Black "Bao, Khoa"]
[Result "1/2-1/2"]
[WhiteTitle "GM"]
[BlackTitle "IM"]
[WhiteElo "2524"]
[BlackElo "2237"]
[WhiteFideId "5201381"]
[BlackFideId "12401501"]
[EventDate "2015.03.17"]

1. d4 Nf6 2. c4 e6 3. Nf3 b6 4. Nc3 Bb4 5. Bg5 Bb7 6. Nd2 Bxc3 7. bxc3 d6 8. f3
O-O 9. e4 Nbd7 10. Be2 e5 11. Nf1 Re8 12. Ng3 h6 13. Be3 Nf8 14. Qd2 Ng6 15. Nf5
Bc8 16. g4 h5 17. h3 Nh7 18. O-O-O h4 19. Rhe1 Nhf8 20. dxe5 Nxe5 21. Bg5 Qd7
22. Bxh4 Qa4 23. Qc2 Qa5 24. Bg3 Ba6 25. Bxe5 Qxe5 26. Rd5 Qf4+ 27. Qd2 Ne6 28.
Ne3 g6 29. h4 c6 30. Rd3 Rad8 31. Rd1 d5 32. cxd5 Bxd3 33. dxe6 Bxe2 34. Qxd8
Rxd8 35. Rxd8+ Kg7 36. e7 Qxe3+ 37. Kc2 Bxf3 38. e8=Q Bxe4+ 39. Kb3 Bd5+ 40. Kc2
Be4+ 41. Kb3 Bd5+ 42. Kc2 Be4+ 43. Kb3 1/2-1/2

[Event "5th HD Bank Cup 2015"]
[Site "Ho Chi Minh City VIE"]
[Date "2015.03.17"]
[Round "1.8"]
[White "Dang, Hoang Son"]
[Black "Nguyen, Duc Hoa"]
[Result "0-1"]
[WhiteTitle "FM"]
[BlackTitle "GM"]
[WhiteElo "2237"]
[BlackElo "2516"]
[WhiteFideId "12402435"]
[BlackFideId "12401358"]
[EventDate "2015.03.17"]

1. d4 d5 2. c4 e6 3. Nf3 c6 4. g3 Nf6 5. Bg2 Bb4+ 6. Bd2 Bd6 7. O-O Nbd7 8. Qc2
O-O 9. b3 Ne4 10. Nc3 f5 11. Be1 Qf6 12. Rd1 Qh6 13. Na4 b6 14. Nb2 Bb7 15. Nd3
Qf6 16. e3 Rac8 17. Qb2 Qe7 18. Nfe5 Nxe5 19. dxe5 Ba3 20. Qc2 a5 21. Bxe4 fxe4
22. Nf4 Ba6 23. Bc3 Qf7 24. Rfe1 g5 25. Nh3 Qh5 26. Kg2 Qf3+ 27. Kg1 Qf5 28. Kg2
Rf7 29. Ng1 Rcf8 30. Rd2 Be7 31. Bd4 c5 32. Bb2 Bb7 33. Kf1 g4 34. Ree2 Qh5 35.
h4 gxh3 36. f4 exf3 37. Rh2 f2 38. Nxh3 dxc4 39. Qxc4 Bg2+ 40. Rxg2 Qxh3 41. Qf4
Rxf4 42. gxf4+ Kf7 43. Rxf2 Bh4 0-1

[Event "5th HD Bank Cup 2015"]
[Site "Ho Chi Minh City VIE"]
[Date "2015.03.17"]
[Round "1.9"]
[White "Barbosa, Oliver"]
[Black "Tran, Ngoc Lan"]
[Result "1/2-1/2"]
[WhiteTitle "GM"]
[WhiteElo "2501"]
[BlackElo "2219"]
[WhiteFideId "5201640"]
[BlackFideId "12401811"]
[EventDate "2015.03.17"]

1. d4 e6 2. c4 Nf6 3. Nf3 d5 4. Nc3 c6 5. e3 Nbd7 6. Qc2 Bd6 7. Be2 O-O 8. O-O
dxc4 9. Bxc4 e5 10. h3 exd4 11. exd4 Nb6 12. Bb3 h6 13. Bd2 Nfd5 14. a3 Nxc3 15.
Bxc3 Nd5 16. Bxd5 cxd5 17. Qb3 Bf5 18. Rfe1 Qd7 19. Bb4 Be4 20. Ne5 Bxe5 21.
Bxf8 Bxd4 22. Bb4 Qf5 23. Qg3 Be5 24. Qg4 Qxg4 25. hxg4 Bxb2 26. Ra2 Bf6 27.
Rae2 a5 28. Bd2 Kh7 29. f3 Bd3 30. Re8 Rxe8 31. Rxe8 a4 32. Kf2 b5 33. Bb4 Bc4
34. f4 Bb2 35. Re1 Bd4+ 36. Kg3 Bb6 37. Re7 d4 38. Rb7 Bd8 39. Kf2 Bf6 40. Be7
Bxe7 41. Rxe7 g6 42. Rd7 d3 43. Ke3 Kg7 44. Rd6 Kf8 45. Rd8+ Kg7 46. g5 hxg5 47.
fxg5 f5 48. Rd7+ Kf8 49. Kd2 Kg8 50. Kc3 Kf8 51. Rd6 Kf7 52. g3 Kg7 53. Kd2 Kf7
54. Ke3 Kg7 55. Rd7+ Kf8 56. Kf4 Ke8 57. Rd4 Kf7 58. g4 Ke6 59. gxf5+ gxf5 60.
g6 Kf6 61. Rd6+ Ke7 62. Rd4 Kf6 63. Rd6+ Ke7 64. Rd4 Kf6 65. Rd6+ Ke7 1/2-1/2

[Event "5th HD Bank Cup 2015"]
[Site "Ho Chi Minh City VIE"]
[Date "2015.03.17"]
[Round "1.10"]
[White "Vo, Thi Kim Phung"]
[Black "Laylo, Darwin"]
[Result "1/2-1/2"]
[WhiteTitle "WIM"]
[BlackTitle "GM"]
[WhiteElo "2197"]
[BlackElo "2499"]
[WhiteFideId "12401838"]
[BlackFideId "5201330"]
[EventDate "2015.03.17"]

1. d4 Nf6 2. Bg5 d5 3. e3 Nbd7 4. c4 Ne4 5. Bh4 c5 6. f3 Qa5+ 7. Nd2 Nxd2 8.
Qxd2 Qxd2+ 9. Kxd2 cxd4 10. exd4 dxc4 11. Bxc4 Nb6 12. Bb5+ Bd7 13. Bxd7+ Kxd7
14. Rc1 e6 15. Ne2 Bd6 16. Bg3 Rhd8 17. Rc2 Rac8 18. Rhc1 Rxc2+ 19. Rxc2 Bxg3
20. hxg3 h5 21. Nf4 g6 22. Nd3 Ke8 23. Rc7 Rd7 24. Rxd7 Kxd7 25. Ne5+ Ke7 26. b3
Nd5 27. a4 g5 28. Nc4 b6 29. Ne5 a6 30. Nc4 f6 31. Ke2 Kd7 32. Nd2 Kc6 33. Ne4
a5 34. Kd3 h4 35. Kd2 b5 36. f4 bxa4 37. bxa4 hxg3 38. fxg5 fxg5 39. Nxg3 Nf4
40. Ne4 Kd5 41. Nxg5 Nxg2 42. Kc3 Ne3 43. Nh3 Ng2 44. Kd3 Ne1+ 1/2-1/2

[Event "5th HD Bank Cup 2015"]
[Site "Ho Chi Minh City VIE"]
[Date "2015.03.17"]
[Round "1.11"]
[White "Dao, Thien Hai"]
[Black "Tran, Minh Thang"]
[Result "1-0"]
[WhiteTitle "GM"]
[BlackTitle "CM"]
[WhiteElo "2482"]
[BlackElo "2196"]
[WhiteFideId "12400084"]
[BlackFideId "12401080"]
[EventDate "2015.03.17"]

1. d4 Nf6 2. c4 g6 3. Nc3 d5 4. cxd5 Nxd5 5. Bd2 Bg7 6. e4 Nb6 7. Be3 O-O 8. Nf3
Bg4 9. Be2 Bxf3 10. gxf3 f5 11. Qb3+ Kh8 12. d5 f4 13. Bc5 N8d7 14. Ba3 c5 15.
dxc6 bxc6 16. Rd1 Qe8 17. h4 Rb8 18. Qe6 Ne5 19. b3 Nxf3+ 20. Bxf3 Bxc3+ 21. Kf1
c5 22. h5 Rf6 23. Qh3 g5 24. Rc1 Bd4 25. Bxc5 Rc8 26. Bxd4 Rxc1+ 27. Kg2 Rxh1
28. Qe6 Qd8 29. Bxf6+ exf6 30. Kxh1 Nd7 31. Qd6 Qe8 32. h6 Qf7 33. Kg1 a5 34.
Be2 f3 35. Bb5 1-0

[Event "5th HD Bank Cup 2015"]
[Site "Ho Chi Minh City VIE"]
[Date "2015.03.17"]
[Round "1.12"]
[White "Vo, Dai Hoai Duc"]
[Black "Cao, Sang"]
[Result "1-0"]
[BlackTitle "GM"]
[WhiteElo "2195"]
[BlackElo "2480"]
[WhiteFideId "12400033"]
[BlackFideId "725056"]
[EventDate "2015.03.17"]

1. d4 Nf6 2. c4 e6 3. Nc3 Bb4 4. e3 Bxc3+ 5. bxc3 d6 6. Bd3 e5 7. e4 Qe7 8. f3
Nc6 9. Ne2 b6 10. O-O Na5 11. Ng3 c5 12. f4 Bg4 13. Qe1 O-O-O 14. f5 h5 15. h3
h4 16. Nh1 Bh5 17. Bg5 exd4 18. Bxh4 Nc6 19. cxd4 Nxd4 20. a4 Be2 21. Bxf6 gxf6
22. Bxe2 Nc2 23. Qc3 Nxa1 24. Rxa1 Qxe4 25. Bf3 Qe5 26. Qxe5 dxe5 27. Bd5 Rh4
28. Nf2 Rf4 29. g4 Kc7 30. Re1 Rf8 31. Kg2 Kd6 32. Be4 Rd8 33. Nd3 Rxe4 34. Rxe4
Ke7 35. Nf4 Rd2+ 36. Re2 Rd4 37. Nd5+ Kd6 38. Ne3 e4 39. h4 Ke5 40. Kg3 a6 41.
h5 Rd8 42. h6 1-0

[Event "5th HD Bank Cup 2015"]
[Site "Ho Chi Minh City VIE"]
[Date "2015.03.17"]
[Round "1.13"]
[White "Diu, Viacheslav"]
[Black "Li, Xueyi"]
[Result "1-0"]
[WhiteTitle "IM"]
[WhiteElo "2457"]
[BlackElo "2190"]
[WhiteFideId "4167465"]
[BlackFideId "8605912"]
[EventDate "2015.03.17"]

1. d4 d5 2. c4 e6 3. Nc3 c6 4. Nf3 Nf6 5. e3 Nbd7 6. Qc2 Bd6 7. Bd3 dxc4 8. Bxc4
b5 9. Be2 Bb7 10. O-O O-O 11. Rd1 Qc7 12. e4 e5 13. Bg5 Rfe8 14. Rac1 a6 15.
dxe5 Nxe5 16. Bxf6 gxf6 17. Nd4 Ng6 18. g3 Rac8 19. Bg4 b4 20. Bxc8 Rxc8 21. Nf5
Bf8 22. Nd5 Qe5 23. Nb6 c5 24. Nxc8 Bxe4 25. Re1 Qxf5 26. Qxe4 Qxc8 27. Qxb4 Qh3
28. Qb7 f5 29. f4 Qh6 30. Qxa6 Qg7 31. Qc4 Qxb2 32. Rb1 Qd2 33. Rbd1 Qa5 34. Re8
Qb6 35. Rd7 Qb1+ 36. Kf2 Qb2+ 37. Re2 Qf6 38. a4 1-0

[Event "5th HD Bank Cup 2015"]
[Site "Ho Chi Minh City VIE"]
[Date "2015.03.17"]
[Round "1.14"]
[White "Pham, Xuan Dat"]
[Black "Tran, Tuan Minh"]
[Result "0-1"]
[BlackTitle "IM"]
[WhiteElo "2189"]
[BlackElo "2455"]
[WhiteFideId "12401307"]
[BlackFideId "12401820"]
[EventDate "2015.03.17"]

1. d4 Nf6 2. c4 e6 3. Nf3 c5 4. d5 b5 5. dxe6 fxe6 6. cxb5 d5 7. Qa4 Bd6 8. Nbd2
Bb7 9. g3 O-O 10. Bh3 Qe8 11. b3 e5 12. Bb2 e4 13. Nh4 Nbd7 14. O-O-O a6 15. b6
Nxb6 16. Qa5 Qb5 17. Qxb5 axb5 18. Kb1 Rae8 19. Rhe1 Be5 20. f4 Bxb2 21. Kxb2 e3
22. Ndf3 Ne4 23. Bf5 b4 24. Bxe4 Rxe4 25. Rc1 c4 26. Ne5 c3+ 27. Kb1 g5 28. Nhf3
gxf4 29. a3 d4 30. axb4 Rxe5 31. Nxe5 Be4+ 32. Rc2 Nd5 33. Nc6 d3 34. exd3 Bxd3
35. gxf4 Rxf4 36. Ne5 Bxc2+ 37. Kxc2 Rf2+ 38. Kd3 Rd2+ 39. Kc4 c2 40. Rc1 e2 41.
Nf3 Rd1 42. Rxc2 Ne3+ 43. Kc3 Nxc2 44. Kxc2 Rf1 0-1

[Event "5th HD Bank Cup 2015"]
[Site "Ho Chi Minh City VIE"]
[Date "2015.03.17"]
[Round "1.15"]
[White "Padmini, Rout"]
[Black "Zhou, Guijue"]
[Result "1/2-1/2"]
[WhiteTitle "WGM"]
[BlackTitle "WIM"]
[WhiteElo "2454"]
[BlackElo "2175"]
[WhiteFideId "5029295"]
[BlackFideId "8602905"]
[EventDate "2015.03.17"]

1. e4 d6 2. d4 g6 3. Nc3 Bg7 4. Be3 a6 5. Nf3 Nf6 6. h3 b5 7. e5 Ng8 8. Ng5 f6
9. Nf3 Bb7 10. Bd3 Nc6 11. exf6 exf6 12. a4 b4 13. Nd5 Nge7 14. Nf4 Qd7 15. Qd2
d5 16. Be2 Nf5 17. Nd3 Bf8 18. g4 Nxe3 19. Qxe3+ Kf7 20. g5 Re8 21. Qf4 Qe6 22.
Nde5+ Kg7 23. gxf6+ Qxf6 24. Qxf6+ Kxf6 25. Nxc6 Bxc6 26. Ne5 Bb7 27. f4 Kg7 28.
Kd2 c5 29. c3 bxc3+ 30. bxc3 cxd4 31. cxd4 Bb4+ 32. Ke3 Rc8 33. h4 Rc3+ 34. Bd3
a5 35. Rac1 Rhc8 36. Rxc3 Rxc3 37. h5 Ba6 38. hxg6 hxg6 39. Rg1 Bxd3 40. Nxd3
Be7 41. Kd2 Rc4 42. Ne5 Rxd4+ 43. Kc3 Rxf4 44. Rxg6+ Kh7 45. Rg4 1/2-1/2

[Event "5th HD Bank Cup 2015"]
[Site "Ho Chi Minh City VIE"]
[Date "2015.03.17"]
[Round "1.16"]
[White "Luong, Phuong Hanh"]
[Black "Karthikeyan, P."]
[Result "0-1"]
[BlackTitle "IM"]
[WhiteElo "2175"]
[BlackElo "2452"]
[WhiteFideId "12401013"]
[BlackFideId "5018226"]
[EventDate "2015.03.17"]

1. Nf3 Nf6 2. d4 g6 3. g3 Bg7 4. Bg2 O-O 5. O-O d5 6. c3 Nbd7 7. Bf4 c6 8. Nbd2
Nh5 9. Be3 f5 10. Ng5 Ndf6 11. Nh3 Ng4 12. Bf4 h6 13. Nf3 g5 14. Be5 Nhf6 15. b4
Nxe5 16. Nxe5 Ng4 17. Nd3 e5 18. dxe5 Nxe5 19. Nxe5 Bxe5 20. Qb3 Be6 21. f4 Bf6
22. Kh1 Qe7 23. Qc2 a5 24. a3 axb4 25. axb4 Rxa1 26. Rxa1 g4 27. Nf2 d4 28. Rd1
dxc3 29. e4 Qf7 30. Rc1 Bd4 31. Nd1 Bb3 32. Qd3 c2 33. Ne3 Bxe3 34. Qxe3 Rd8 35.
h4 Rd1+ 36. Kh2 Rxc1 37. Qxc1 Qc4 38. b5 cxb5 39. h5 b4 40. e5 Qe2 0-1

[Event "5th HD Bank Cup 2015"]
[Site "Ho Chi Minh City VIE"]
[Date "2015.03.17"]
[Round "1.17"]
[White "Nguyen, Van Huy"]
[Black "Nguyen, Minh Tuan"]
[Result "1-0"]
[WhiteTitle "IM"]
[WhiteElo "2452"]
[BlackElo "2142"]
[WhiteFideId "12401064"]
[BlackFideId "12403512"]
[EventDate "2015.03.17"]

1. d4 d5 2. Nf3 Nf6 3. c4 c6 4. Qb3 Qb6 5. Nc3 Bf5 6. c5 Qc7 7. Bf4 Qc8 8. h3 h6
9. e3 g5 10. Bh2 Bg7 11. Qd1 O-O 12. Bd3 b6 13. cxb6 axb6 14. O-O c5 15. Rc1 Na6
16. a3 Bxd3 17. Qxd3 c4 18. Qb1 Qb7 19. b3 Rfc8 20. bxc4 Rxc4 21. Ne5 Rcc8 22.
Qb3 e6 23. Rb1 Qe7 24. Na4 Ne4 25. Nxb6 Bxe5 26. Bxe5 Rc3 27. Qb2 Re8 28. f3
Rxe3 29. fxe4 Rxe4 30. Rf6 Kh7 31. Rbf1 Rf8 32. Nxd5 1-0

[Event "5th HD Bank Cup 2015"]
[Site "Ho Chi Minh City VIE"]
[Date "2015.03.17"]
[Round "1.18"]
[White "Le, Kieu Thien Kim"]
[Black "Torre, Eugenio"]
[Result "1/2-1/2"]
[WhiteTitle "WIM"]
[BlackTitle "GM"]
[WhiteElo "2138"]
[BlackElo "2449"]
[WhiteFideId "12400572"]
[BlackFideId "5200016"]
[EventDate "2015.03.17"]

1. d4 d6 2. Bf4 c5 3. e3 Qb6 4. Nc3 Nf6 5. dxc5 Qxc5 6. Nf3 Bg4 7. h3 Bh5 8. Be2
Nbd7 9. O-O e6 10. Qd2 Be7 11. Rfd1 e5 12. Bh2 O-O 13. Ng5 Bxe2 14. Qxe2 Qc6 15.
Qd3 Nc5 16. Qb5 Rac8 17. Qxc6 Rxc6 18. f4 Ne8 19. Nf3 f6 20. Nd5 Bd8 21. c3 Nc7
22. Ne1 Nxd5 23. Rxd5 Ne4 24. Nd3 Bb6 25. Re1 g5 26. f5 a5 27. g4 Kf7 28. Kg2
Ke7 29. Bg1 h5 30. Rd1 hxg4 31. hxg4 Rh8 32. Nf2 Nxf2 33. Bxf2 Bc5 34. b4 Bb6
35. b5 Rc7 36. Rxd6 Bc5 37. Re6+ Kf7 38. b6 Re7 39. Rd5 Rc8 40. Rxe7+ Kxe7 41.
e4 Bxf2 42. Kxf2 Rxc3 43. Rxa5 Rc2+ 44. Ke3 Rb2 45. Kd3 Rxb6 46. Kc4 Kd7 47. Ra8
Rd6 48. Kc5 Rc6+ 49. Kd5 Rd6+ 50. Kc5 Rc6+ 51. Kd5 Rd6+ 1/2-1/2

[Event "5th HD Bank Cup 2015"]
[Site "Ho Chi Minh City VIE"]
[Date "2015.03.17"]
[Round "1.19"]
[White "Pascua, Haridas"]
[Black "Harini, S."]
[Result "1-0"]
[WhiteTitle "IM"]
[WhiteElo "2423"]
[BlackElo "2125"]
[WhiteFideId "5203953"]
[BlackFideId "5024919"]
[EventDate "2015.03.17"]

1. d4 Nf6 2. c4 e6 3. Nc3 Bb4 4. f3 d5 5. a3 Bxc3+ 6. bxc3 c5 7. cxd5 exd5 8. e3
O-O 9. Bd3 Nc6 10. Ne2 c4 11. Bc2 Re8 12. O-O Na5 13. Re1 h5 14. Ng3 h4 15. Nf1
h3 16. g3 g6 17. Nd2 Be6 18. Qe2 Qc8 19. e4 Kg7 20. e5 Nd7 21. Qe3 Rh8 22. Rb1
b6 23. Nf1 Qd8 24. Qf2 f5 25. exf6+ Qxf6 26. Bg5 Qf7 27. Rxe6 Qxe6 28. Re1 Qc6
29. Re7+ Kg8 30. Qe3 Nf8 31. Ba4 Qd6 32. Bf4 Qf6 33. Re5 b5 34. Bxb5 Rh5 35. Bg5
Qd6 36. f4 Nc6 37. Re8 Rxe8 38. Qxe8 Qe6 39. Bxc6 Qxe8 40. Bxe8 Kg7 41. Ne3 Ne6
42. Be7 Nc7 43. Bc6 Kf7 44. Bd6 Ne8 45. Be5 Nf6 46. g4 Rh7 47. g5 Nh5 48. Bxd5+
Ke8 1-0

[Event "5th HD Bank Cup 2015"]
[Site "Ho Chi Minh City VIE"]
[Date "2015.03.17"]
[Round "1.20"]
[White "Grafil, Franz Robert"]
[Black "Bitoon, Richard"]
[Result "1-0"]
[BlackTitle "GM"]
[WhiteElo "2123"]
[BlackElo "2422"]
[WhiteFideId "5205298"]
[BlackFideId "5201110"]
[EventDate "2015.03.17"]

1. d4 Nf6 2. c4 e6 3. Nf3 b6 4. g3 Ba6 5. Qc2 Bb4+ 6. Bd2 Be7 7. Bg2 c6 8. O-O
d5 9. cxd5 cxd5 10. Nc3 O-O 11. Ne5 b5 12. a4 bxa4 13. Qxa4 Qb6 14. Rfb1 Bb7 15.
e3 Rc8 16. b4 Qd8 17. Qb3 Nbd7 18. Nd3 Nb6 19. Nc5 Bc6 20. Be1 Ne8 21. b5 Bd7
22. N3a4 Nd6 23. Bf1 Be8 24. Ba5 Ndc4 25. Bxc4 dxc4 26. Qc2 Qd6 27. Nc3 Bd8 28.
Nb7 Qc7 29. Nxd8 Qxd8 30. Bb4 f6 31. Bc5 Qc7 32. Qe4 Bf7 33. Ra6 Rab8 34. Rba1
Rb7 35. f4 Nd5 36. Nxd5 exd5 37. Qb1 Bg6 38. f5 Be8 39. Rxa7 Rxb5 40. Qxb5 Bxb5
41. Rxc7 Rxc7 42. Ra8+ 1-0

[Event "5th HD Bank Cup 2015"]
[Site "Ho Chi Minh City VIE"]
[Date "2015.03.17"]
[Round "1.22"]
[White "Manaog, Stewart"]
[Black "Karavade, Eesha"]
[Result "0-1"]
[BlackTitle "IM"]
[WhiteElo "2104"]
[BlackElo "2405"]
[WhiteFideId "5207410"]
[BlackFideId "5012600"]
[EventDate "2015.03.17"]

1. d4 d5 2. e3 Nf6 3. f4 Bf5 4. Nf3 Nbd7 5. Bd3 Bxd3 6. cxd3 c5 7. dxc5 Nxc5 8.
O-O e6 9. Nc3 Be7 10. Rb1 Rc8 11. a3 O-O 12. Ne2 Qb6 13. Ned4 Qa6 14. Ne5 Nfd7
15. Nxd7 Nxd7 16. Qe2 Nc5 17. Rd1 Bf6 18. Nf3 Rc7 19. g4 g6 20. g5 Bg7 21. Ne1
Rfc8 22. Bd2 Na4 23. Bb4 Qb5 24. Bd6 Rd7 25. Be5 Bxe5 26. fxe5 d4 27. Nf3 dxe3
28. Qxe3 Nb6 29. Rd2 Nd5 30. Qe1 Nf4 31. d4 Rdc7 32. Rbd1 Rc2 33. Qe4 Rxd2 34.
Rxd2 Rc1+ 35. Ne1 Nh3+ 36. Kg2 Nxg5 37. Qh4 Qd5+ 38. Kf1 Qh1+ 39. Ke2 Rxe1+ 0-1

[Event "5th HD Bank Cup 2015"]
[Site "Ho Chi Minh City VIE"]
[Date "2015.03.17"]
[Round "1.23"]
[White "Dimakiling, Oliver"]
[Black "Tran, Le Dan Thuy"]
[Result "1-0"]
[WhiteTitle "IM"]
[BlackTitle "WFM"]
[WhiteElo "2400"]
[BlackElo "2076"]
[WhiteFideId "5202248"]
[BlackFideId "12403407"]
[EventDate "2015.03.17"]

1. c4 Nf6 2. Nc3 g6 3. d4 Bg7 4. e4 d6 5. Nf3 O-O 6. h3 e5 7. dxe5 dxe5 8. Qxd8
Rxd8 9. Bg5 c6 10. Nxe5 Re8 11. O-O-O Rxe5 12. Rd8+ Re8 13. Bxf6 Rxd8 14. Bxd8
Bxc3 15. bxc3 Be6 16. Be2 Nd7 17. Bc7 Rc8 18. Bd6 c5 19. e5 Nb6 20. Bf3 Nxc4 21.
Bxb7 Nxd6 22. exd6 Rb8 23. Bc6 Bxa2 24. Re1 Be6 25. Re5 Rd8 26. d7 Kf8 27. Rxc5
Bxd7 28. Bxd7 Rxd7 29. Kc2 Ke7 30. g4 Kd6 31. Rc8 Rc7 32. Rh8 f6 33. f4 Rd7 34.
c4 Kc5 35. Kc3 Rf7 36. Rc8+ Kb6 37. f5 a5 38. Rd8 gxf5 39. gxf5 Rg7 40. Kd4 Kc6
41. Ra8 Rd7+ 42. Kc3 Kb6 43. Rf8 Rg7 44. Kd4 Rd7+ 45. Kc3 Rg7 46. Rxf6+ Kc5 47.
Kd3 Rg3+ 48. Ke4 Rxh3 49. Ra6 Kb4 50. f6 Rh1 51. Ke5 Kxc4 52. f7 Re1+ 53. Kd6
Rf1 54. Ke7 Rxf7+ 55. Kxf7 Kb4 56. Ke6 a4 57. Kd5 a3 58. Kd4 Kb3 59. Kd3 a2 60.
Rb6+ Ka3 61. Kc2 a1=N+ 62. Kc3 Ka2 63. Rb2+ Ka3 64. Rb7 Ka2 65. Rxh7 1-0

[Event "5th HD Bank Cup 2015"]
[Site "Ho Chi Minh City VIE"]
[Date "2015.03.17"]
[Round "1.24"]
[White "Nguyen, Phuoc Tam"]
[Black "Nolte, Rolando"]
[Result "0-1"]
[BlackTitle "IM"]
[WhiteElo "2059"]
[BlackElo "2394"]
[WhiteFideId "12402109"]
[BlackFideId "5200636"]
[EventDate "2015.03.17"]

1. d4 Nf6 2. c4 e6 3. Nf3 b6 4. g3 Ba6 5. Qa4 Bb7 6. Bg2 c5 7. O-O cxd4 8. Nxd4
Bxg2 9. Kxg2 Be7 10. Nd2 O-O 11. N2f3 Qc8 12. Bg5 h6 13. Bxf6 Bxf6 14. Rac1 Qb7
15. Rfd1 a6 16. Qc2 Rc8 17. Qb1 d6 18. b3 Nd7 19. Nc2 Bg5 20. e3 Be7 21. Nd4 Ne5
22. e4 Nxf3 23. Nxf3 Rc5 24. Qd3 Rac8 25. Rc2 b5 26. Rdc1 Bf6 27. cxb5 axb5 28.
a4 Bb2 29. Rxc5 dxc5 30. Rc2 c4 31. Qe2 Bf6 32. axb5 cxb3 33. Rxc8+ Qxc8 34. b6
Qc6 35. e5 Bd8 36. Qb2 Qd5 37. Qd2 Bxb6 38. Qxd5 exd5 39. Nd2 b2 40. f4 Ba5 41.
Nb1 d4 42. Kf3 d3 43. g4 g5 44. f5 Kf8 45. Ke3 d2 46. Ke2 Ke7 47. Kd1 Bb4 48.
Kc2 Kd7 49. h3 Kc6 0-1